Declaración de Guadalajara
La Cumbre de Guadalajara reunió a representantes de 21 Estados de América Latina y Europa, cuyas lenguas oficiales son el español y el portugués. Durante los días 18 y 19 de julio de 1991 se dejó establecida la Conferencia Iberoamericana como foro permanente y se acordó la declaración que se transcr...
Guardat en:
| Format: | Text |
|---|---|
| Matèries: | |
| Etiquetes: |
Afegir etiqueta
Sense etiquetes, Sigues el primer a etiquetar aquest registre!
|
MARC
| LEADER | 00000 a a2200000 04500 | ||
|---|---|---|---|
| 001 | 10454 | ||
| 003 | |||
| 040 | |||
| 245 | |a Declaración de Guadalajara | ||
| 520 | |a La Cumbre de Guadalajara reunió a representantes de 21 Estados de América Latina y Europa, cuyas lenguas oficiales son el español y el portugués. Durante los días 18 y 19 de julio de 1991 se dejó establecida la Conferencia Iberoamericana como foro permanente y se acordó la declaración que se transcribe en el presente documento. REV//ALJ | ||
| 650 | |a DOCUMENTOS OFICIALES | ||
| 650 | |a ACUERDOS INTERNACIONALES | ||
| 650 | |a INTEGRACION REGIONAL | ||
| 650 | |a DESARROLLO ECONOMICO Y SOCIAL | ||
| 650 | |a EDUCACION | ||
| 650 | |a CULTURA | ||
| 773 | |g número 116; páginas 66-70 | ||
| 999 | |c 35188 |d 35188 | ||
